Steroidní hormony

Bibliographic Details
Main Author: Charvát, Josef, 1897-1984 (Author)
Format: Book
Language:Undetermined
PhysicalDescription:219 s.
Published: Praha Zdravotnícke nakladatelství 1952

MARC

LEADER 00000nam a2200000 a 4500
001 vtls001263007
003 SK-MaSNL
005 20260301113023.0
008 240315s1952 xx 0 und
035 |a SNK000213904 
040 |a SNK  |b slo  |c SNK  |e AACR2 
100 1 |a Charvát, Josef,  |d 1897-1984  |4 aut  |9 109326 
245 1 |a Steroidní hormony 
260 |a Praha  |b Zdravotnícke nakladatelství  |c 1952 
300 |a 219 s. 
999 |c 712366  |d 714296 
952 |t P60, <04>, [BOOK], {604}  |a SNK  |b SNK  |y VYP  |7 0  |p 17A0012778  |o snkIC 9372  |0 0  |1 0  |4 0  |d 1996-10-09  |l 0  |r 2005-01-01 00:00:00  |w 2026-02-23